ბათუმის შოთა რუსთაველის სახელმწიფო უნივერსიტეტის ბიბლიოთეკა

საქართველოს კანონი საქართველოს პარლამენტის ეროვნული ბიბლიოთეკის შესახებ: 1997 წლის 28 ოქტომბერი (ბიბ.ჩანაწერი № 52836)

000 -LEADER
fixed length control field 00962nam a2200217Ia 4500
001 - CONTROL NUMBER
control field 19866
003 - CONTROL NUMBER IDENTIFIER
control field GE_BSU
008 - FIXED-LENGTH DATA ELEMENTS--GENERAL INFORMATION
fixed length control field 181216s||||||||xx |||||||||||||| ||und||
040 ## - CATALOGING SOURCE
Transcribing agency GE_BSU
080 ## - UNIVERSAL DECIMAL CLASSIFICATION NUMBER
Universal Decimal Classification number 34
245 ## - TITLE STATEMENT
Title საქართველოს კანონი საქართველოს პარლამენტის ეროვნული ბიბლიოთეკის შესახებ: 1997 წლის 28 ოქტომბერი
260 ## - PUBLICATION, DISTRIBUTION, ETC.
Place of publication, distribution, etc. თბილისი
260 ## - PUBLICATION, DISTRIBUTION, ETC.
Date of publication, distribution, etc. ?
300 ## - PHYSICAL DESCRIPTION
Extent 17გვ.
653 ## - INDEX TERM--UNCONTROLLED
Uncontrolled term 1997 წლის 28 ოქტომბერი
653 ## - INDEX TERM--UNCONTROLLED
Uncontrolled term ბიბლიოთეკარი
653 ## - INDEX TERM--UNCONTROLLED
Uncontrolled term საქართველოს კანონი საქართველოს პარლამენტის ეროვნული ბიბლიოთეკის შესახებ
653 ## - INDEX TERM--UNCONTROLLED
Uncontrolled term ქსეროქსი
942 ## - ADDED ENTRY ELEMENTS (KOHA)
Koha item type წიგნი
ეგზემპლარები
Withdrawn status Lost status Damaged status Not for loan Date acquired Barcode Date last seen Price effective from Koha item type Public note
        2018-12-17 00435 2018-12-17 2018-12-17 წიგნი ქსეროქსი